Into the volcano : (Record no. 1866)

MARC details
000 -LEADER
fixed length control field 01075cam a2200301 a 4500
005 - DATE AND TIME OF LATEST TRANSACTION
control field 20231006100713.0
020 ## - INTERNATIONAL STANDARD BOOK NUMBER
International Standard Book Number 9780439726740
040 ## - CATALOGING SOURCE
Original cataloging agency DLC
Transcribing agency DLC
Modifying agency DLC
Language of cataloging eng
050 00 - LIBRARY OF CONGRESS CALL NUMBER
Classification number PZ7.7.W66
Item number Int 2008
082 00 - DEWEY DECIMAL CLASSIFICATION NUMBER
Classification number [Fic]
Edition number 22
100 1# - MAIN ENTRY--PERSONAL NAME
Personal name Wood, Don
Dates associated with a name 1945-
245 10 - TITLE STATEMENT
Title Into the volcano :
Remainder of title a graphic novel /
Statement of responsibility, etc. by Caldecott honor artist Don Wood.
260 ## - PUBLICATION, DISTRIBUTION, ETC.
Place of publication, distribution, etc. New York :
Name of publisher, distributor, etc. The Blue Sky Press,
Date of publication, distribution, etc. 2008.
300 ## - PHYSICAL DESCRIPTION
Extent 174 pages :
Other physical details color illustrations, maps ;
Dimensions 23 cm
505 ## - FORMATTED CONTENTS NOTE
Formatted contents note D
520 ## - SUMMARY, ETC.
Summary, etc. While their parents are away doing research, brothers Duffy and Sumo Pugg go with their cousin, Mister Come-and-Go, to Kokalaha Island, where they meet Aunt Lulu and become trapped in an erupting volcano.
521 ## - TARGET AUDIENCE NOTE
Target audience note 240 <br/>
Source Lexile
521 ## - TARGET AUDIENCE NOTE
Target audience note D <br/>
Source Raz-Plus
650 #1 - SUBJECT ADDED ENTRY--TOPICAL TERM
Topical term or geographic name entry element Graphic novels.
650 #1 - SUBJECT ADDED ENTRY--TOPICAL TERM
Topical term or geographic name entry element Volcanoes
Form subdivision Fiction.
650 #1 - SUBJECT ADDED ENTRY--TOPICAL TERM
Topical term or geographic name entry element Adventure and adventurers
Form subdivision Fiction.
650 #1 - SUBJECT ADDED ENTRY--TOPICAL TERM
Topical term or geographic name entry element Brothers
Form subdivision Fiction.
650 #1 - SUBJECT ADDED ENTRY--TOPICAL TERM
Topical term or geographic name entry element Islands
Form subdivision Fiction.
655 #0 - INDEX TERM--GENRE/FORM
Genre/form data or focus term Graphic novels.
906 ## - LOCAL DATA ELEMENT F, LDF (RLIN)
a 7
b cbc
c orignew
d 1
e ecip
f 20
g y-gencatlg
942 ## - ADDED ENTRY ELEMENTS (KOHA)
Source of classification or shelving scheme Dewey Decimal Classification
Koha item type Books
Suppress in OPAC No
999 ## -
-- 1866
-- 1866
Holdings
Withdrawn status Lost status Source of classification or shelving scheme Damaged status Not for loan Collection Home library Current library Shelving location Date acquired Total Checkouts Full call number Barcode Date last seen Price effective from Koha item type
    Dewey Decimal Classification     Juvenile Fiction Footprints International School Library Network Toul Kork Campus Footprints International School Library Network Toul Kork Campus   10/06/2023   WOO 741.5 PZ7.W66 FISSE01339 10/06/2023 10/06/2023 Books